[Event "Eschborn op"]
[Site "Eschborn"]
[Date "2019.08.18"]
[Round "4.30"]
[White "Haas, Vanessa"]
[Black "Tietzen, Stefan"]
[Result "1/2-1/2"]
[WhiteElo "1576"]
[BlackElo "1877"]
[PlyCount "119"]
[EventDate "2019.08.16"]
[EventType "swiss"]
[EventRounds "5"]
[EventCountry "GER"]
[SourceTitle "EXT 2024"]
[Source "ChessBase"]
[SourceDate "2023.10.10"]
[SourceVersion "1"]
[SourceVersionDate "2023.10.10"]
[SourceQuality "1"]

1. e4 c5 2. Nf3 e6 3. d4 cxd4 4. Nxd4 a6 5. Bd3 Qc7 6. 0-0 Nf6 7. h3 Bc5 8. Nf3 Nc6 9. a3 h6 10. Nc3 0-0 11. Qe2 d6 12. Be3 Bxe3 13. Qxe3 b5 14. Nh2 Ne5 15. Rad1 Bb7 16. Rfe1 Rfd8 17. Qg3 Rac8 18. Re3 Qc5 19. Nf3 Nc4 20. Bxc4 bxc4 21. e5 Nd5 22. Nxd5 Bxd5 23. exd6 Qxd6 24. Qxd6 Rxd6 25. b3 cxb3 26. cxb3 Rdc6 27. Ne5 Rc1 28. Rxc1 Rxc1+ 29. Kh2 f6 30. Nd7 Rb1 31. Nc5 Rb2 32. Kg1 a5 33. Nxe6 Bxe6 34. Rxe6 Rxb3 35. Re3 Rxe3 36. fxe3 Kf7 37. Kf2 Ke6 38. Ke2 f5 39. Kd3 Kd5 40. Kc3 Ke4 41. Kd2 g5 42. Ke2 g4 43. h4 f4 44. exf4 Kxf4 45. Kf2 g3+ 46. Ke2 h5 47. a4 Ke4 48. Kd2 Kf4 49. Ke2 Ke4 50. Kd2 Kd4 51. Ke2 Kc4 52. Kf3 Kb4 53. Kxg3 Kxa4 54. Kf4 Kb4 55. g4 a4 56. g5 a3 57. g6 a2 58. g7 a1Q 59. g8Q Qf1+ 60. Ke5 1/2-1/2

[Event "Eschborn op"]
[Site "Eschborn"]
[Date "2018.10.05"]
[Round "1"]
[White "Epishin, Vladimir"]
[Black "Haas, Vanessa"]
[Result "1-0"]
[WhiteElo "2546"]
[BlackElo "1608"]
[PlyCount "54"]
[EventDate "2018.10.05"]
[EventType "swiss"]
[EventRounds "5"]
[EventCountry "GER"]
[SourceTitle "CBM 187 Extra"]
[Source "ChessBase"]
[SourceDate "2018.11.04"]
[SourceVersion "1"]
[SourceVersionDate "2018.11.04"]
[SourceQuality "1"]

1. d4 d5 2. c4 e6 3. Nc3 c6 4. e3 Bd6 5. Bd3 Nf6 6. Bd2 dxc4 7. Bxc4 Bc7 8. Nf3 Nbd7 9. 0-0 0-0 10. h3 h6 11. Re1 e5 12. Qc2 exd4 13. exd4 Nb6 14. Bd3 Nbd5 15. a3 Be6 16. Na4 Nh5 17. Nc5 Bc8 18. Bh7+ Kh8 19. Bf5 Nhf4 20. Bxc8 Qxc8 21. Ne5 Nxh3+ 22. gxh3 Qxh3 23. Qe4 Nf6 24. Qf3 Qh4 25. Bc3 Bxe5 26. dxe5 Ng4 27. Qg3 Qh5 1-0

[Event "GER-chT U14 Girls"]
[Site "Gross Doelln"]
[Date "2010.12.28"]
[Round "3.4"]
[White "Haas, Vanessa"]
[Black "Moeller, Hannah Sophie"]
[Result "1/2-1/2"]
[WhiteElo "812"]
[BlackElo "954"]
[PlyCount "73"]
[EventDate "2010.12.27"]
[EventType "team-swiss"]
[EventRounds "7"]
[EventCountry "GER"]
[SourceTitle "CBM 140 Extra"]
[Source "ChessBase"]
[SourceDate "2011.03.01"]
[SourceVersion "1"]
[SourceVersionDate "2011.03.01"]
[SourceQuality "1"]
[WhiteTeam "Homburg Erbach"]
[BlackTeam "Lingen"]
[WhiteTeamCountry "GER"]
[BlackTeamCountry "GER"]

1. d4 d5 2. Bf4 Bf5 3. e3 e6 4. Bd3 Bd6 5. Bxd6 Bxd3 6. Qxd3 Qxd6 7. Nf3 Nf6 8. Nbd2 Nc6 9. e4 Qd7 10. 0-0 0-0 11. e5 Nh5 12. Ng5 g6 13. Rfe1 Qe7 14. Ndf3 f6 15. Nh3 Kh8 16. c3 Rg8 17. Nh4 g5 18. Nf3 g4 19. Nh4 gxh3 20. Qxh3 f5 21. Nf3 Nf4 22. Qh6 Nd3 23. Re2 Rg6 24. Qh5 Nf4 25. Qh4 Nxe2+ 26. Kf1 Nxc3 27. bxc3 Rag8 28. g3 Qa3 29. Rb1 b6 30. Qh5 Qxc3 31. Kg2 Nxd4 32. Nh4 Rg5 33. Qf7 Qd3 34. Qf6+ R5g7 35. Ng6+ hxg6 36. Qh4+ Rh7 37. Qf6+ 1/2-1/2